Indian Resistance to Early Muslim Invaders Up to 1206 A.D (Record no. 8191)

MARC details
000 -LEADER
fixed length control field 00631nam a2200253 a 4500
020 ## - INTERNATIONAL STANDARD BOOK NUMBER
ISBN
082 00 - DEWEY DECIMAL CLASSIFICATION NUMBER
Classification number 954.022
Author Cutter MIS
100 ## - MAIN ENTRY--AUTHOR NAME
Author name Misra, Ram Gopal
245 ## - TITLE STATEMENT
Title Indian Resistance to Early Muslim Invaders Up to 1206 A.D
260 ## - PUBLICATION, DISTRIBUTION, ETC. (IMPRINT)
Place of publication Meerut
Name of publisher Anu Books
Year of publication 1993
300 ## - PHYSICAL DESCRIPTION
Number of Pages 144p
500 ## - GENERAL NOTE
General note includes index and biblioraphy
505 2# - FORMATTED CONTENTS NOTE
Formatted contents note Bibliography
650 ## - SUBJECT ADDED ENTRY--TOPICAL TERM
Topical Term India-History
650 ## - SUBJECT ADDED ENTRY--TOPICAL TERM
Topical Term Islam-India
942 ## - ADDED ENTRY ELEMENTS (KOHA)
Koha item type Books
700 1# -
-- Misra, Ram Gopal
Holdings
Collection code Home library Current library Date acquired Cost, normal purchase price Full call number Accession Number Koha item type
  Henry Martyn Institute Library Henry Martyn Institute Library 04/03/2007 110.00 954.022 MIS 014575 Books
                   Copyright © 2026 | Henry Martyn Institute | Hyderabad | TS-500052 | INDIA | Implemented by hmi.edu.in
Hit-Count:

Powered by Koha